MARC

LEADER 00000nam0a2200000 4500
001 30694
005 20231030204102.0
010 |a 5803801461 
035 |a (RuTPU)RU\TPU\book\30968 
035 |a BOOK00031045 
090 |a 30694 
100 |a 20011209d2001 m y0rusy50 ca 
101 0 |a rus 
102 |a RU 
105 |a y j 001zy 
200 1 |a Проектирование турбогенераторов  |e учебное пособие  |f Г. Г. Константинов  |g Иркутский государственный технический университет 
210 |a Иркутск  |c Изд-во Иркутского ГТУ  |d 2001 
215 |a 265 с. 
320 |a Библиогр.: с. 265. 
610 1 |a электротехника 
610 1 |a электрические машины 
610 1 |a турбогенераторы 
610 1 |a двухполюсные турбогенераторы 
610 1 |a проектирование 
610 1 |a учебные пособия 
675 |a 621.313.322-81(075.8)  |v 3 
700 1 |a Константинов  |b Г. Г.  |g Геннадий Григорьевич 
712 0 2 |a Иркутский государственный технический университет  |2 stltpush  |3 (RuTPU)RU\TPU\col\17 
801 0 |a RU  |b 63413507  |c 20011209  |g PSBO 
801 2 |a RU  |b 63413507  |c 20201111  |g PSBO 
942 |c BK